|
|
|
|
| LEADER |
00000nam0a2200000 4500 |
| 001 |
154299 |
| 005 |
20231101221744.0 |
| 010 |
|
|
|a 9785916310283
|b (в пер.)
|b 3000 экз.
|
| 021 |
|
|
|a RU
|b 09-23447
|9 09-1389
|
| 035 |
|
|
|a (RuTPU)RU\TPU\book\167368
|
| 090 |
|
|
|a 154299
|
| 100 |
|
|
|a 20090427d2009 m u0rusy5002 ca
|
| 101 |
0 |
|
|a rus
|
| 102 |
|
|
|a RU
|
| 105 |
|
|
|a a z 000aa
|
| 200 |
1 |
|
|a Живут во мне воспоминания
|f М. М. Магомаев
|
| 210 |
|
|
|a Москва
|c ПРОЗАиК
|d 2009
|
| 215 |
|
|
|a 414 с.
|c ил.
|d 21 см.
|
| 330 |
|
|
|a Трудно представлять такого всенародно любимого певца, как автор этой книги. Но лучше всех это получилось у Святослава Бэлзы. «Звездно сейчас на нашей эстраде. Но, как известно с незапамятных времен, «звезда от звезды разнствует во славе». Редкий же пример настоящего певца, превратившегося в суперзвезду, — Муслим Магомаев, яркость и подлинность дарования которого особенно выделяются на фоне той звездной пыли, что навязчиво пытается прельстить публику мишурным блеском. Мало кто в отечественном эстрадном искусстве мог соперничать по популярности с Муслимом Магомаевым, чей восхитительный баритон, высокий артистизм и душевная щедрость покорили не одно поколение слушателей. Певец никогда не гнался за переменчивой модой, не заигрывал с публикой, но его талант и обаяние завоевали миллионы сердец. Переполненные залы, кордоны конной милиции, море цветов, легенды и сплетни — все это Магомаев вкусил сполна. И притом сохранил истинную скромность, совмещая внутреннее достоинство с трезвостью самооценки».
|
| 600 |
|
1 |
|a Магомаев
|b М. М.
|c певец
|c народный артист СССР
|f 1942-2008
|g Муслим Магометович
|2 stltpush
|3 (RuTPU)RU\TPU\pers\24300
|9 10765
|
| 606 |
1 |
|
|a Вокальное искусство
|x Воспоминания
|2 RuMRKP
|
| 606 |
1 |
|
|a Музыкальная жизнь
|x История
|x Воспоминания
|2 RuMRKP
|
| 610 |
1 |
|
|a искусство
|
| 610 |
1 |
|
|a музыка
|
| 610 |
1 |
|
|a музыканты
|
| 610 |
1 |
|
|a автобиографическая проза
|
| 610 |
1 |
|
|a вокальная музыка
|
| 610 |
1 |
|
|a певцы
|
| 610 |
1 |
|
|a СССР
|
| 610 |
1 |
|
|a 20 век
|
| 610 |
1 |
|
|a история
|
| 675 |
|
|
|a 784
|v 3
|z rus
|
| 700 |
|
1 |
|a Магомаев
|b М. М.
|g Муслим Магометович
|4 070
|
| 801 |
|
1 |
|a RU
|b 63413507
|c 20090225
|g PSBO
|
| 801 |
|
2 |
|a RU
|b 63413507
|c 20090826
|g PSBO
|
| 942 |
|
|
|c BK
|
| 959 |
|
|
|a 30/20090218
|d 1
|e 342,87
|f ХФ:1
|